Propuestas normativas para el refuerzo del ecosistema emprendedor Propuestas administrativas, laborales, mercantiles y fiscales /

Bibliographic Details
Main Author: Garca̕ Mandaloniz, Marta
Other Authors: ℓlvarez Royo-Villanova, Segismundo
Format: eBook
Language:Spanish
Published: Madrid: Dykinson, 2021
Subjects:
Online Access:Acceso restringido

MARC

LEADER 00000nam a22000007a 4500
005 20210908122433.0
007 cr|||| ||||
008 210908s2021 es |||||s|||| 00||0 spa d
020 |a 978-84-1377-609-5 
035 |a 35131 
040 |a vLex 
090 |c 12327  |d 12327 
100 1 |a Garca̕ Mandaloniz, Marta 
245 1 0 |a Propuestas normativas para el refuerzo del ecosistema emprendedor  |h [Recurso electrn̤ico] :  |b Propuestas administrativas, laborales, mercantiles y fiscales /  |c Marta Garca̕ Mandaloniz, Segismundo ℓlvarez Royo-Villanova 
256 |a Servicio en ln̕ea 
260 |a Madrid:  |b Dykinson,  |c 2021 
300 |a 1 recurso electrn̤ico 
506 1 |a Disponible solo en los productos indicados  |d vLex Global  |d vLex Global (Academic Edition, excluding Law Schools)  |d vLex Global (U.S. Academic Edition, Law Schools)  |d vLex Global (U.S. Academic Edition, excluding Law Schools)  |d vLex Global (Academic Edition, Law Schools) 
650 0 4 |a Derecho Mercantil y de la Empresa  |z Espaą 
700 1 |a ℓlvarez Royo-Villanova, Segismundo 
740 0 |a vLex Libros (Servicio en ln̕ea) 
856 4 0 |u https://app.vlex.com/#/sources/35131  |z Acceso restringido 
942 |c BOOK 
999 0 |a Commercial and Company Law